[Event "Maria Albulet Memorial 2012"]
[Site "Braila ROU"]
[Date "2012.07.18"]
[Round "7"]
[White "Petrenko,S"]
[Black "Sandu,Mi"]
[Result "1-0"]
[WhiteElo "2205"]
[BlackElo "2287"]

1.e4 c5 2.Nf3 d6 3.d4 cxd4 4.Nxd4 Nf6 5.Nc3 a6 6.Be3 g6 7.Be2 Bg7 8.O-O O-O
9.Nb3 Nc6 10.f4 b5 11.Bf3 Bd7 12.a3 Rc8 13.Kh1 Be6 14.Nd5 Nd7 15.c3 a5 16.Be2 Rb8
17.f5 Bxd5 18.exd5 Nce5 19.Nd4 Nb6 20.Bxb5 Nxd5 21.Bc1 Qb6 22.a4 Qc5 23.Nb3 Nxc3
24.bxc3 Qxc3 25.Bd2 Qc8 26.Rc1 Qb7 27.Nxa5 Qd5 28.Bc3  1-0

[Event "5th Paleochora Open"]
[Site "Paleochora GRE"]
[Date "2012.07.18"]
[Round "4.22"]
[White "Ambartsumova,K"]
[Black "Papadopoulos,Geo3"]
[Result "1/2-1/2"]
[WhiteElo "2322"]
[BlackElo "2036"]

1.e4 c5 2.Nf3 d6 3.d4 cxd4 4.Nxd4 Nf6 5.Nc3 a6 6.Be3 e5 7.Nf3 Qc7 8.a4 Be7
9.a5 Nc6 10.Bb6 Qd7 11.Be2 O-O 12.Nd2 d5 13.exd5 Nxd5 14.Nxd5 Qxd5 15.O-O Be6
16.Nc4 Qb5 17.b3 Qb4 18.Qd3 Bd8 19.Ra4 Qe7 20.Be3 Bc7 21.Nb6 Rad8 22.Qc3 Nd4
23.Bd3 Qd6 24.Nc4 Qc6 25.f3 Bd5 26.Raa1 Kh8 27.Qe1 f5  1/2-1/2

[Event "16th Battle of Senta Open A"]
[Site "Senta SRB"]
[Date "2012.07.18"]
[Round "6.15"]
[White "Stojkovska,M"]
[Black "Farkas,Ti"]
[Result "0-1"]
[WhiteElo "1909"]
[BlackElo "2256"]

1.e4 c5 2.Nf3 d6 3.d4 cxd4 4.Nxd4 Nf6 5.Nc3 a6 6.Be3 Ng4 7.Bc1 Nf6 8.Be3 e6
9.f3 b5 10.Qd2 Nbd7 11.O-O-O Bb7 12.g4 Nb6 13.Qf2 Nfd7 14.Kb1 Rc8 15.Bd3 Rxc3
16.bxc3 Qc7 17.Qe1 d5 18.Bc1 Na4 19.Ne2 Bd6 20.Bb2 dxe4 21.Bxe4 Bxe4 22.fxe4 Ne5
23.h3 O-O 24.Rf1 Rb8 25.Rxd6 Qxd6 26.Qd1 Qc5 27.a3 Nxb2 28.Kxb2 Nc4+ 29.Ka2 Ne3
30.Qe1 Qc4+ 31.Kb1 Nxf1 32.Qxf1 Qxe4 33.Nd4 Rc8 34.Kb2 Qe3 35.Qd3 Qxd3 36.cxd3 h5
37.Kb3 hxg4 38.hxg4 e5 39.Nf5 Rd8 40.Ne7+ Kf8 41.Nc6 Rxd3 42.Nxe5 Rg3 43.Kb4 f6
44.Nd7+ Ke7 45.Nc5 Rxg4+ 46.Ka5 Rc4 47.Nxa6 Rxc3 48.Kb4 Rc8 49.Kxb5 g5 50.Nb4 g4
51.a4 Rb8+ 52.Kc5 Rxb4  0-1

[Event "112th ch-SUI 2012"]
[Site "Flims SUI"]
[Date "2012.07.19"]
[Round "8.5"]
[White "Kurmann,O"]
[Black "Gallagher,Jo"]
[Result "0-1"]
[WhiteElo "2460"]
[BlackElo "2500"]

1.e4 c5 2.Nf3 d6 3.d4 cxd4 4.Nxd4 Nf6 5.Nc3 a6 6.Be3 e5 7.Nf3 Be7 8.Bc4 O-O
9.O-O Qc7 10.b3 Be6 11.Nd5 Nxd5 12.Bxd5 Nd7 13.c4 Bg4 14.h3 Bh5 15.g4 Bg6
16.a4 Rac8 17.Qd3 Nf6 18.Rfc1 Qd7 19.Kg2 h5 20.gxh5 Bxh5 21.Ng5 Nxd5 22.exd5 Bg6
23.Qe2 Qf5 24.h4 Bxg5 25.hxg5 f6 26.Kg3 Kf7 27.Rh1 Rh8 28.f4 Rce8 29.Qf3 exf4+
30.Bxf4 fxg5  0-1

[Event "5th Paleochora Open"]
[Site "Paleochora GRE"]
[Date "2012.07.20"]
[Round "6.29"]
[White "Ambartsumova,K"]
[Black "Dijkhuis,Tycho"]
[Result "1/2-1/2"]
[WhiteElo "2322"]
[BlackElo "2006"]

1.e4 c5 2.Nf3 d6 3.d4 cxd4 4.Nxd4 Nf6 5.Nc3 a6 6.Be3 Ng4 7.Bc1 Nf6 8.h3 e6
9.g4 d5 10.exd5 Nxd5 11.Bg2 Bb4 12.Bd2 Bxc3 13.bxc3 O-O 14.O-O Ne7 15.Qe2 Nbc6
16.Nb3 Qc7 17.c4 Rd8 18.Be3 Bd7 19.Rab1 b6 20.f4 Rab8 21.Qf2 f5 22.Rfd1 Be8
23.Re1 Bf7 24.Nc1 b5 25.Nd3 Qa5 26.cxb5 axb5 27.Bc5 Nd5 28.a3 Rbc8 29.Nb4 Ncxb4
30.axb4 Qa2 31.Rb3 Ra8 32.Bf1 Ra3 33.Bd4 Rxb3 34.Ra1 Qxa1 35.Bxa1 Rxb4 36.Be5 Rc8
37.gxf5 exf5 38.Qg2 g6 39.Qg5 Be6 40.Qh6 Rc7 41.Bxc7 Nxc7 42.Qg5 Nd5 43.Qd8+ Kg7
44.Qb8 Nxf4 45.Bxb5 Nxh3+ 46.Kh2 Ng5 47.c4 Rb2+ 48.Kg3 Re2 49.Qd8 Kh6 50.c5 Re3+
51.Kf2 f4 52.c6 Ne4+ 53.Kg1 Rg3+ 54.Kf1 Rf3+ 55.Ke1 Re3+ 56.Kd1 Nc3+ 57.Kd2 Nxb5
58.Qh4+ Kg7 59.Qxf4 Rb3 60.Qe5+ Kf7 61.c7 Nxc7  1/2-1/2

[Event "23rd Czech Open A"]
[Site "Pardubice CZE"]
[Date "2012.07.20"]
[Round "1.76"]
[White "Osmanodja,F"]
[Black "Kislik,E"]
[Result "1/2-1/2"]
[WhiteElo "2199"]
[BlackElo "2408"]

1.e4 c5 2.Nf3 d6 3.d4 cxd4 4.Nxd4 Nf6 5.Nc3 a6 6.Be3 e5 7.Nf3 Be7 8.Bc4 O-O
9.O-O Nc6 10.Qe2 Be6 11.Bb3 Na5 12.Rfd1 Qc7 13.Bg5 Nxb3 14.axb3 Rac8 15.Bxf6 Bxf6
16.Rac1 Be7 17.Nd5 Bxd5 18.Rxd5 f5 19.exf5 Rxf5 20.c4 b6 21.Nd2 Qc6 22.Rd1 b5  1/2-1/2

[Event "23rd Czech Open A"]
[Site "Pardubice CZE"]
[Date "2012.07.22"]
[Round "3.76"]
[White "Mikes,J"]
[Black "Cerveny,M"]
[Result "0-1"]
[WhiteElo "2125"]
[BlackElo "2346"]

1.e4 c5 2.Nf3 d6 3.d4 cxd4 4.Nxd4 Nf6 5.Nc3 a6 6.Be3 e5 7.Nb3 Be6 8.f3 Nbd7
9.Qd2 b5 10.O-O-O Rc8 11.g4 Nb6 12.Qf2 Rxc3 13.Bxb6 Rxf3 14.Qxf3 Qxb6 15.Bh3 h6
16.Rhg1 Qc6 17.Nd2 Qc8 18.Kb1 Be7 19.Rg3 Nd7 20.Qe2 O-O 21.Rdg1 Nc5 22.Bf1 Bg5
23.Nf3 Bc4 24.Qe1 Bf4 25.R3g2 Qb7 26.Bxc4 bxc4 27.Re2 Rb8 28.c3 Nd3 29.Qd1 a5
30.Qc2 Qc6 31.Qd1 a4 32.a3 Rb3 33.Rgg2 Qc5 34.Ka1 d5 35.exd5 Qxd5 36.Rc2 Be3
37.g5 e4 38.Nd4 Bxg5 39.Nxb3 axb3 40.Rce2 f5 41.h4 Bf6 42.Rg6 Bxh4 43.Qg1 Bg5
44.Qa7 Qe5 45.Rh2 e3 46.Qd7 Nc5 47.Rxg7+ Qxg7 48.Qd5+ Qf7 49.Qxc5 f4 50.Qc8+ Kg7
51.Qh3 f3 52.Qf1 e2 53.Qf2 Qd7  0-1

[Event "Corporation Centre Cup A"]
[Site "Izhevsk RUS"]
[Date "2012.07.23"]
[Round "8"]
[White "Panarin,M"]
[Black "Nikologorskiy,K"]
[Result "0-1"]
[WhiteElo "2549"]
[BlackElo "2364"]

1.e4 c5 2.Nf3 d6 3.d4 cxd4 4.Nxd4 Nf6 5.Nc3 a6 6.Be3 e5 7.Nf3 Be7 8.Bc4 O-O
9.O-O h6 10.Bb3 Be6 11.Nh4 Kh7 12.Qd3 g6 13.Qd2 Ng4 14.Nf3 Nd7 15.Rfe1 Nxe3
16.Rxe3 Nc5 17.Rd1 Rg8 18.Qe2 Qf8 19.Bd5 Qc8 20.h3 Rb8 21.Ne1 b5 22.Nd3 b4
23.Nxc5 bxc3 24.Nxa6 Rb6 25.Bxe6 fxe6 26.Rxc3 Qxa6 27.Qg4 Rxb2 28.Qxe6 Rg7
29.Rc7 Rb7 30.Rc8 Qe2 31.Qd5 Qb5 32.Qe6 Qd7 33.Qc4 Bh4 34.g3 Bd8 35.Kg2 Bb6
36.a4 Qf7 37.Qe2 Bc5 38.a5 Qe6 39.Rc6 Rgf7 40.a6 Ra7 41.f3 Qa2 42.Qd2 Rxa6
43.Rc8 Ra8 44.Rxa8 Qxa8 45.Rb1 Qa2 46.Rf1 Qc4  0-1

[Event "23rd Czech Open A"]
[Site "Pardubice CZE"]
[Date "2012.07.23"]
[Round "4.98"]
[White "Vlasak,Lu"]
[Black "Mikes,J"]
[Result "1-0"]
[WhiteElo "2274"]
[BlackElo "2125"]

1.e4 c5 2.Nf3 d6 3.d4 cxd4 4.Nxd4 Nf6 5.Nc3 a6 6.Be3 e5 7.Nf3 Qc7 8.a4 Be6
9.a5 Nbd7 10.Ng5 Bc4 11.Bxc4 Qxc4 12.Ra4 Qc6 13.Qe2 Rc8 14.O-O h6 15.Nf3 d5
16.exd5 Nxd5 17.Nxd5 Qxa4 18.Nxe5 Rxc2 19.Qh5 g6 20.Nxg6 Qe4 21.Nxh8  1-0

[Event "PAB Romania Open 2012"]
[Site "Arad ROU"]
[Date "2012.07.27"]
[Round "8.20"]
[White "Pavel,Se"]
[Black "Daianu,C"]
[Result "0-1"]
[WhiteElo "2013"]
[BlackElo "2240"]

1.e4 c5 2.Nf3 d6 3.d4 cxd4 4.Nxd4 Nf6 5.Nc3 a6 6.Be3 e6 7.f3 h5 8.Qd2 Be7
9.O-O-O b5 10.g3 Bb7 11.Bh3 Nc6 12.Rhe1 O-O 13.Bg5 Ne5 14.f4 Nc4 15.Qe2 Qa5
16.Kb1 Rac8 17.Nb3 Qc7 18.e5 dxe5 19.fxe5 Nd5 20.Nxd5 Bxd5 21.Bxe7 Qxe7 22.Qxh5 g6
23.Qh6 Rfd8 24.Rd4 Qf8 25.Qg5 a5 26.Bf1 a4 27.Nc1 Na3+ 28.bxa3 Bxa2+ 29.Nxa2 Rxd4
30.Qe3 Qc5 31.Bd3 b4 32.axb4 Qd5 33.c4 Qd7 34.Nc1 Rb8 35.b5 Rd8 36.Re2 Qe7
37.Ka2 Qb4 38.Rb2 Qc3 39.Qd2 Rxd3 40.Nxd3 Qxc4+ 41.Kb1 Rxd3 42.Qc1 Rc3 43.Qd2 a3
44.Rc2 Qxb5+ 45.Ka2 Qd5+ 46.Qxd5 Rxc2+ 47.Kb3 exd5  0-1

[Event "23rd Czech Open A"]
[Site "Pardubice CZE"]
[Date "2012.07.27"]
[Round "8.70"]
[White "Balin,J"]
[Black "Koykka,P"]
[Result "1/2-1/2"]
[WhiteElo "2340"]
[BlackElo "2218"]

1.e4 c5 2.Nf3 d6 3.d4 cxd4 4.Nxd4 Nf6 5.Nc3 a6 6.Be3 e5 7.Nb3 Be6 8.Qd2 Nbd7
9.f3 h5 10.O-O-O Be7 11.Qf2 Rc8 12.Kb1 O-O 13.Nd5 Nxd5 14.exd5 Bf5 15.Bd3 Bxd3
16.Rxd3 Bg5 17.f4 exf4 18.Bxf4 Bxf4 19.Qxf4 Qf6 20.Qxf6 Nxf6 21.Na5  1/2-1/2

[Event "23rd Czech Open A"]
[Site "Pardubice CZE"]
[Date "2012.07.27"]
[Round "8.14"]
[White "Krejci,Jan2"]
[Black "Jaracz,P"]
[Result "0-1"]
[WhiteElo "2476"]
[BlackElo "2530"]

1.e4 c5 2.Nf3 d6 3.d4 cxd4 4.Nxd4 Nf6 5.Nc3 a6 6.Be3 e5 7.Nf3 Be7 8.Bc4 O-O
9.O-O Qc7 10.Bb3 Be6 11.Qe2 b5 12.Rfd1 Nbd7 13.Bg5 Rac8 14.Ne1 Qb7 15.Bxf6 Nxf6
16.Nd5 Bxd5 17.Bxd5 Nxd5 18.Rxd5 f5 19.Rad1 fxe4 20.Qxe4 Rc4 21.Qe2 Qc6 22.f3 b4
23.Kh1 Kh8 24.b3 Rcf4 25.Ra5 e4 26.Rxa6 Qc5 27.h3 d5 28.Qd2 Bh4 29.Ra8 Rxa8
30.Qxf4 Qf2 31.Kh2 Re8 32.Qg4 Bf6 33.f4 Bd4 34.Qd7 Qg1+ 35.Kg3 Qf2+ 36.Kh2 Qg1+
37.Kg3 Rf8 38.Qd6 Qf2+ 39.Kh2 Qg1+ 40.Kg3 Qf2+ 41.Kh2 Bc5 42.Qxd5 Be3  0-1

[Event "23rd Czech Open A"]
[Site "Pardubice CZE"]
[Date "2012.07.27"]
[Round "8.5"]
[White "Steinberg,N"]
[Black "Gretarsson,Hj"]
[Result "1/2-1/2"]
[WhiteElo "2326"]
[BlackElo "2507"]

1.e4 c5 2.Nf3 d6 3.d4 cxd4 4.Nxd4 Nf6 5.Nc3 a6 6.Be3 e5 7.Nb3 Be6 8.f4 Qc7
9.Nd5 Bxd5 10.exd5 Nbd7 11.c4 Be7 12.Be2 O-O 13.O-O Rfe8 14.Rc1 Rac8 15.Kh1 Bf8
16.f5 Qb8 17.Na5 Be7 18.b4 Bd8 19.Nb3 b6 20.a4 Qb7 21.Qd2 Kh8 22.Rfd1 h6
23.Qe1 Nh7 24.Rb1 Qa8 25.a5 bxa5 26.c5 Nhf6 27.c6 Nb6 28.Bxb6 Bxb6 29.bxa5 Be3
30.Qc3 Qa7 31.Qc4 Ra8 32.Na1 Qc7 33.Rb7 Qxa5 34.Nc2 Bd4 35.Bf3 Bc5 36.Rxf7 e4
37.Be2 Rab8 38.Rb7 Ra8 39.g3 e3 40.Nd4 Bxd4 41.Qxd4 Re5 42.Ra7 Rc8 43.Rxa6 Qxd5+
44.Qxd5 Nxd5 45.Rc1 Nb4 46.Rb6 Rc5 47.Rd1 Nd5 48.Ra6 Nc3 49.Re1 d5 50.Bf3 d4
51.Ra7 Nd5 52.Rd1 e2 53.Bxe2 Ne3 54.Re1 R5xc6 55.Kg1 Rc2 56.Bd3 Rd2 57.Be4 Ng4
58.Bf3 Ne5 59.Be4 d3 60.Ra8 Rc2 61.Rxc8+ Rxc8 62.Rd1 Rc3 63.Kf2 Rc2+ 64.Kg1 Kg8
65.Bxd3 Nf3+ 66.Kf1 Rxh2 67.Be2 Ng5 68.Rd2 Kf8 69.g4 Ke7 70.Rd3 Kf6 71.Re3 Nh3
72.Re6+ Kg5 73.Rg6+ Kh4 74.f6 Rf2+ 75.Ke1 Rxe2+ 76.Kxe2 Nf4+  1/2-1/2

[Event "ch-AUT 2012"]
[Site "Zwettl AUT"]
[Date "2012.07.28"]
[Round "8.15"]
[White "Woeber,F"]
[Black "Kleiser,G"]
[Result "1-0"]
[WhiteElo "2183"]
[BlackElo "2269"]

1.e4 c5 2.Nf3 d6 3.d4 cxd4 4.Nxd4 Nf6 5.Nc3 a6 6.Be3 e6 7.Be2 Be7 8.O-O Qc7
9.f4 Bd7 10.a4 Nc6 11.Nb3 Na5 12.e5 dxe5 13.fxe5 Nxb3 14.exf6 Bc5 15.Bxc5 Qxc5+
16.Kh1 Nxa1 17.Ne4 Qd5 18.fxg7 O-O-O 19.gxh8=Q Rxh8 20.Nf6 Qxd1 21.Rxd1  1-0

[Event "Politiken Cup 2012"]
[Site "Helsingor DEN"]
[Date "2012.07.29"]
[Round "2.32"]
[White "Kramer,Julian"]
[Black "Carstensen,J"]
[Result "0-1"]
[WhiteElo "2048"]
[BlackElo "2352"]

1.e4 c5 2.Nf3 d6 3.d4 cxd4 4.Nxd4 Nf6 5.Nc3 a6 6.Be3 e5 7.Nb3 Be6 8.Qd2 Nbd7
9.O-O-O Rc8 10.f3 h5 11.Kb1 b5 12.Nd5 Bxd5 13.exd5 Nb6 14.Bxb6 Qxb6 15.g3 Be7
16.Bh3 Rc7 17.Rhe1 O-O 18.f4 exf4 19.gxf4 Nh7 20.Rg1 Bf6 21.Qe2 Kh8 22.Bf5 g6
23.Bd3 Re7 24.Qf1 Rb8 25.f5 g5 26.Nd2 Rbe8 27.c3 Qc5 28.a3 Re3 29.Rg3 Qxd5
30.Bc2 Qe5 31.Qh3 h4 32.Rxe3 Qxe3 33.Qxe3 Rxe3 34.Ne4 Be5 35.Nxd6 Kg7 36.f6+ Kxf6
37.Bxh7 Bxh2 38.Ne4+ Kg7 39.Bf5 Bf4 40.Nf2 Bg3 41.Ne4 Bf4 42.Rg1 h3 43.Nf2 h2
44.Rh1 Re2 45.Nh3 Be3 46.Bc8 Kg6 47.Bxa6 g4 48.Bxb5 Rd2 49.c4 gxh3 50.b4 Bg1
51.c5 Kf6 52.c6 Bb6 53.c7 Bxc7 54.Bc6 Rg2 55.b5 Ke5 56.Kc1 Kd4 57.Kd1 Kd3
58.Kc1 f5 59.Kb1 f4 60.Rd1+ Ke2 61.Rc1 Rg1  0-1

[Event "TCh-CRC Premier 2012"]
[Site "San Jose CRC"]
[Date "2012.07.29"]
[Round "9.2"]
[White "Duran Vega,S"]
[Black "Ortiz,Ma"]
[Result "1-0"]
[WhiteElo "2303"]
[BlackElo "2187"]

1.e4 c5 2.Nf3 d6 3.d4 cxd4 4.Nxd4 Nf6 5.Nc3 a6 6.Be3 e6 7.f3 b5 8.Qd2 Nbd7
9.g4 h6 10.a3 Bb7 11.O-O-O Rc8 12.h4 d5 13.Rg1 dxe4 14.g5 hxg5 15.hxg5 Nd5
16.Nxe4 Nxe3 17.Qxe3 Qb6 18.g6 f6 19.f4 e5 20.fxe5 Nxe5 21.Bh3 Rc4 22.Be6 Rc7
23.Bf7+ Rxf7 24.gxf7+ Kxf7 25.Ng5+ Ke8 26.Nge6 Kf7 27.Qb3 Nc4 28.Qg3 g5 29.Rgf1  1-0

[Event "Tabor Open 2012"]
[Site "Tabor CZE"]
[Date "2012.07.30"]
[Round "2.33"]
[White "Miesbauer,Jan"]
[Black "Gruber,Mil"]
[Result "1/2-1/2"]
[WhiteElo "1692"]
[BlackElo "1983"]

1.e4 c5 2.Nf3 d6 3.d4 cxd4 4.Nxd4 Nf6 5.Nc3 a6 6.Be3 e6 7.f3 Be7 8.Qd2 Qc7
9.g4 Nc6 10.g5 Nd7 11.O-O-O Nde5 12.Be2 b5 13.f4 Nd7 14.Bxb5 axb5 15.Ndxb5 Qb8
16.Nxd6+ Bxd6 17.Qxd6 Qxd6 18.Rxd6 Na5 19.b3 Ke7 20.Rhd1 Ra6 21.R6d2 Rc6
22.Kb2 h6 23.h4 hxg5 24.hxg5 Rh3 25.Rd3 Rh2 26.e5 Nb7 27.b4 Nb6 28.Bxb6 Rxb6
29.f5 Rxb4+ 30.Ka3 Rc4 31.f6+ gxf6 32.gxf6+ Ke8 33.Nb5 Rcxc2 34.Nd6+ Nxd6
35.Rxd6 Rxa2+ 36.Kb3 Rhb2+ 37.Kc4 Rc2+ 38.Kb5 Rab2+ 39.Ka4  1/2-1/2

[Event "Politiken Cup 2012"]
[Site "Helsingor DEN"]
[Date "2012.08.02"]
[Round "7.74"]
[White "Bratholm,P"]
[Black "Svanholm,B"]
[Result "1-0"]
[WhiteElo "2088"]
[BlackElo "1905"]

1.e4 c5 2.Nf3 d6 3.d4 cxd4 4.Nxd4 Nf6 5.Nc3 a6 6.Be3 e5 7.Nb3 Be7 8.f3 Be6
9.Qd2 Nbd7 10.O-O-O b5 11.g4 Nb6 12.Qf2 Nfd7 13.Nd5 Bxd5 14.exd5 Rc8 15.Kb1 Nc4
16.Bxc4 bxc4 17.Nc1 Qa5 18.f4 exf4 19.Qxf4 O-O 20.Bd4 f6 21.Qf5 Qd8 22.Rhe1 Ne5
23.Re3 Qe8 24.Ra3 Ra8 25.Ne2 Qd7 26.Qxd7 Nxd7 27.Ra4 Rfc8 28.Nf4 Bd8 29.Ne6 Bb6
30.Rb4 Rab8 31.c3 Bxd4 32.Rxb8 Rxb8 33.Nxd4 Ne5 34.h3 g6 35.Nc6 Rb6 36.Ne7+ Kf8
37.Nc8 Rb8 38.Nxd6 Rd8 39.Ne4 Kg7 40.Nc5 Rd6 41.Ne4 Rd8 42.b3 cxb3 43.axb3 f5
44.gxf5 gxf5 45.Ng5 Rd7 46.c4 h6 47.Ne6+ Kf6 48.Rf1 Ng6 49.Kc2 Ke5 50.Re1+ Kf6
51.Nc5 Rd6 52.Nb7 Rb6 53.Nc5 Rd6 54.Kc3 Kg5 55.Ne6+ Kh4 56.Kd4 f4 57.Rg1 Kh5
58.Ng7+  1-0

[Event "Politiken Cup 2012"]
[Site "Helsingor DEN"]
[Date "2012.08.02"]
[Round "7.20"]
[White "Kramer,Julian"]
[Black "Gandrud,V"]
[Result "1/2-1/2"]
[WhiteElo "2048"]
[BlackElo "2259"]

1.e4 c5 2.Nf3 d6 3.d4 cxd4 4.Nxd4 Nf6 5.Nc3 a6 6.Be3 e6 7.g4 h6 8.Bg2 Qc7
9.Qe2 b5 10.e5 Bb7 11.exd6 Bxd6 12.Ndxb5 axb5 13.Nxb5 Bb4+ 14.c3 Qe7 15.cxb4 Qxb4+
16.Bd2 Qxb2 17.O-O Bxg2 18.Rfb1 Qc2 19.Rc1 Qg6 20.Rc8+ Kd7 21.Qe5 Rxc8 22.Qd6+ Ke8
23.Bb4 Nd5 24.Qf8+ Kd7 25.Qd6+ Ke8 26.Qf8+ Kd7 27.Qd6+  1/2-1/2

[Event "38th Badalona Open A"]
[Site "Badalona ESP"]
[Date "2012.08.04"]
[Round "4.4"]
[White "Ortiz Suarez,I"]
[Black "Guerra Mendez,J"]
[Result "0-1"]
[WhiteElo "2569"]
[BlackElo "2441"]

1.e4 c5 2.Nf3 d6 3.d4 cxd4 4.Nxd4 Nf6 5.Nc3 a6 6.Be3 e5 7.Nb3 Be6 8.h3 Nbd7
9.g4 Rc8 10.Qd2 b5 11.a3 Nb6 12.g5 Nfd7 13.Nd5 Bxd5 14.exd5 Nc4 15.Bxc4 bxc4
16.Nc1 c3 17.bxc3 Nb6 18.Bxb6 Qxb6 19.Nd3 h6 20.f4 Be7 21.Kd1 e4 22.Nb4 hxg5
23.fxg5 Rxh3 24.Rxh3 Qg1+ 25.Qe1 Qg4+ 26.Kc1 Qxh3 27.Kb2 Qf5 28.Qh1 a5 29.Rf1 Qxg5
30.Nc6 Qxd5 31.Nxe7 Rb8+ 32.Kc1 Qg5+ 33.Kd1 Rb1+ 34.Ke2 Qb5+  0-1

[Event "10th EU U14 2012"]
[Site "Mureck AUT"]
[Date "2012.08.05"]
[Round "5.13"]
[White "Saavalainen,Ellis"]
[Black "Suchomelova,Simona"]
[Result "0-1"]
[WhiteElo "1611"]
[BlackElo "1742"]

1.e4 c5 2.Nf3 d6 3.d4 cxd4 4.Nxd4 Nf6 5.Nc3 a6 6.Be3 e6 7.f3 Qc7 8.Qd2 b5
9.g4 Nfd7 10.h4 Nb6 11.g5 N8d7 12.O-O-O b4 13.Nb1 d5 14.h5 Bb7 15.Bh3 Nc4
16.Qf2 Nxe3 17.Qxe3 Bc5 18.Qd2 Rc8 19.c3 bxc3 20.Nxc3 Bb4 21.Ne2 Ne5 22.f4 Nf3
23.Qe3 dxe4 24.g6 Bc5 25.Nd4 Nxd4 26.Rxd4 Qb6 27.gxf7+ Kxf7 28.Rd7+ Ke8 29.Qg3 Kxd7
30.Qxg7+ Kc6 31.Bxe6 Rcd8 32.Qf7 Be3+ 33.Kb1 Qc5 34.Bd5+ Rxd5 35.Nxd5 Qxd5
36.Qf6+ Kb5 37.Qxh8 Bxf4 38.Qxh7 e3 39.Re1 Qe4+ 40.Qxe4 Bxe4+ 41.Ka1 Bf3
42.b3 Bxh5 43.Kb2 e2 44.Kc3 Bg3 45.Rxe2 Bxe2 46.a4+ Ka5 47.Kb2 Kb4 48.Ka2 Bd1  0-1

[Event "16th HZ Open"]
[Site "Vlissingen NED"]
[Date "2012.08.05"]
[Round "2"]
[White "Willemze,T"]
[Black "Daamen,Roland"]
[Result "1/2-1/2"]
[WhiteElo "2387"]
[BlackElo "2042"]

1.e4 c5 2.Nf3 d6 3.d4 cxd4 4.Nxd4 Nf6 5.Nc3 a6 6.Be3 e5 7.Nb3 Be6 8.Qd2 Nbd7
9.O-O-O b5 10.f4 Rc8 11.Kb1 Be7 12.Bd3 Nb6 13.a3 O-O 14.f5 Bc4 15.g4 d5 16.g5 d4
17.gxf6 Bxf6 18.Bxd4 exd4 19.Ne2 Qd6 20.Ng3 Be5 21.f6 Qxf6 22.Nf5 Rfd8 23.Rhg1 g6
24.Rdf1 Kh8 25.Nh6 Qe7 26.Bxc4 Nxc4 27.Qb4 Qxb4 28.Nxf7+ Kg7 29.axb4 Rd7
30.Nxe5 Nxe5 31.Nc5 Rd6 32.Rf5 Re8 33.Rf2 Rf8 34.Rxf8 Kxf8 35.Rg3 Nc4 36.Rd3 Ke7
37.Nb3 Ne5 38.Rh3 h5 39.Nc5 Ng4 40.Ka2  1/2-1/2

[Event "16th HZ Open"]
[Site "Vlissingen NED"]
[Date "2012.08.05"]
[Round "3"]
[White "Haslinger,S"]
[Black "Bezemer,A"]
[Result "1-0"]
[WhiteElo "2524"]
[BlackElo "2330"]

1.e4 c5 2.Nf3 d6 3.d4 cxd4 4.Nxd4 Nf6 5.Nc3 a6 6.Be3 e6 7.f3 b5 8.Qd2 Nbd7
9.g4 h6 10.O-O-O b4 11.Nce2 Qc7 12.h4 d5 13.Bf4 e5 14.Bh2 dxe4 15.g5 hxg5
16.hxg5 Rxh2 17.Rxh2 exd4 18.Rh8 Nd5 19.Qxd4 Bb7 20.fxe4 N5b6 21.Bh3 O-O-O
22.Kb1 Bc5 23.Rxd8+ Kxd8 24.Qxg7 Bxe4 25.Qxf7 Qc6 26.Nf4 Be7 27.Ne6+ Kc8
28.Qe8+ Kb7 29.Nd4 Qd6 30.g6 Nf6 31.Qf7 Nbd5 32.g7 Nf4 33.Re1 Nxh3 34.Rxe4 Nxe4
35.g8=Q Qxd4 36.Qxe7+ Kc6 37.Qa8+  1-0

[Event "Olomouc GM Valoz Cup"]
[Site "Olomouc CZE"]
[Date "2012.08.06"]
[Round "7.1"]
[White "Krejci,Jan2"]
[Black "Givon,A"]
[Result "1-0"]
[WhiteElo "2503"]
[BlackElo "2340"]

1.e4 c5 2.Nf3 d6 3.d4 cxd4 4.Nxd4 Nf6 5.Nc3 a6 6.Be3 e5 7.Nf3 Qc7 8.a4 Be7
9.Be2 O-O 10.O-O Be6 11.Ng5 Nc6 12.Nxe6 fxe6 13.Bc4 Qd7 14.Qf3 Rae8 15.Qh3 Bd8
16.Rfd1 Qe7 17.f3 Nd4 18.Rd2 Bb6 19.Kh1 Kh8 20.Rad1 Nd7 21.Bg1 Rc8 22.Bxe6 Qxe6
23.Qxe6 Nxe6 24.Rxd6 Bxg1 25.Kxg1 Ndc5 26.b4 Nd4 27.bxc5 Rxc5 28.Nd5 Rxc2
29.Rb1 Rc6 30.Rxc6 bxc6 31.Ne3 h6 32.Kf2 Ne6 33.a5 Rd8 34.Nc4 Rd4 35.Nxe5 Rd2+
36.Kg3 Nd4 37.Rb6 Ne2+ 38.Kg4 Ng1 39.g3 Rxh2 40.Rxc6 Ne2 41.Rxa6 Rg2 42.Rg6 Kh7
43.a6 Nd4 44.Rd6 Nb5 45.Rb6 Nc7 46.a7 Ra2 47.Rb7  1-0

[Event "16th HZ Open"]
[Site "Vlissingen NED"]
[Date "2012.08.06"]
[Round "4"]
[White "Von Meijenfeldt,Bart"]
[Black "Van Delft,M"]
[Result "0-1"]
[WhiteElo "2151"]
[BlackElo "2391"]

1.e4 c5 2.Nf3 d6 3.d4 cxd4 4.Nxd4 Nf6 5.Nc3 a6 6.Be3 Ng4 7.Bc1 Nc6 8.Be2 Nf6
9.Be3 e6 10.g4 Be7 11.g5 Nd7 12.h4 O-O 13.Qd2 Nxd4 14.Bxd4 b5 15.a3 Bb7 16.f4 Rc8
17.O-O-O Nc5 18.Bf3 a5 19.g6 fxg6 20.h5 g5 21.h6 g6 22.Bh5 gxh5 23.fxg5 Bxe4
24.Nxe4 Nb3+ 25.Kb1 Nxd2+ 26.Rxd2 Rf4  0-1

[Event "16th Izmailov Mem"]
[Site "Tomsk RUS"]
[Date "2012.08.07"]
[Round "1.3"]
[White "Bocharov,D"]
[Black "Tarasov,Sergey Ivan"]
[Result "1-0"]
[WhiteElo "2597"]
[BlackElo "2073"]

1.e4 c5 2.Nf3 d6 3.d4 cxd4 4.Nxd4 Nf6 5.Nc3 a6 6.Be3 e6 7.a4 Be7 8.a5 O-O
9.Be2 Nc6 10.Nb3 d5 11.exd5 Nxd5 12.Nxd5 Qxd5 13.Qxd5 exd5 14.O-O Bf5 15.c3 Rfd8
16.Bb6 Rd7 17.Rfe1 Bc2 18.Bg4 f5 19.Bd1 Bxd1 20.Raxd1 Kf7 21.Kf1 Re8 22.Re3 Bf8
23.Red3 Re5 24.g3 g5 25.c4 g4 26.Be3 Bb4 27.Bb6 Bf8 28.R3d2 Bb4 29.Rxd5 Rexd5
30.cxd5 Ne7 31.Rd4 Nxd5 32.Bc5 Bxc5 33.Nxc5 Rd8 34.Nxb7 Rb8 35.Rxd5 Rxb7
36.Rxf5+ Kg6 37.Rf4 h5 38.b4 Re7 39.Rc4 Re6 40.Kg2 Kg5 41.Rc8 Rd6 42.h3 Rd4
43.Rc5+ Kg6 44.Rc6+ Kf5 45.Rh6 Kg5 46.Rxa6 gxh3+ 47.Kxh3 Rxb4 48.f4+ Kf5
49.Ra8 Ra4 50.a6  1-0

[Event "16th HZ Open"]
[Site "Vlissingen NED"]
[Date "2012.08.07"]
[Round "5"]
[White "Van Delft,M"]
[Black "Nyzhnyk,I"]
[Result "1/2-1/2"]
[WhiteElo "2391"]
[BlackElo "2619"]

1.e4 c5 2.Nf3 d6 3.d4 cxd4 4.Nxd4 Nf6 5.Nc3 a6 6.Be3 e5 7.Nb3 Be6 8.Qd2 Nbd7
9.O-O-O Be7 10.f4 b5 11.Kb1 Rb8 12.Bd3 Qc7 13.h3 b4 14.Ne2 a5 15.f5 Bc4 16.g4 a4
17.Nbc1 h6 18.Rhg1 d5 19.exd5 Bxd5 20.h4 Nc5 21.g5 hxg5 22.hxg5 Nfe4 23.Bb5+ Bc6
24.Bxc6+ Qxc6 25.Qd5 Qxd5 26.Rxd5 f6 27.gxf6 gxf6 28.Rg7 Rc8 29.Nd3 Nxd3
30.cxd3 Nd6 31.Ng3 Kf8 32.Rg4 Rh2 33.Rc5 Rg2 34.Rg6 a3 35.Rxc8+ Nxc8 36.bxa3 bxa3
37.Bh6+ Kf7 38.Rg7+ Ke8 39.Ne4 Rb2+ 40.Kc1 Rxa2 41.Rg8+ Kd7 42.Bf8 Nd6 43.Nxd6 Kxd6
44.Bxe7+ Kxe7 45.Rg7+ Ke8 46.Ra7 Ra1+ 47.Kc2 a2 48.Kb3 Rd1 49.Rxa2 Rxd3+
50.Kc4 Rd4+ 51.Kc5 Ke7 52.Ra7+ Kf8 53.Rh7 Kg8 54.Rh6 Kg7 55.Rg6+ Kf7 56.Rh6 Rd2
57.Rh7+ Kg8 58.Rh6 Kg7 59.Rg6+ Kf7 60.Rh6 Ra2 61.Kd5 Rd2+ 62.Kc5 Rg2 63.Kd5 Rg5
64.Ke4 Rg4+ 65.Kd5 Rd4+ 66.Kc5 Rd8 67.Rh7+ Kg8 68.Rh6 Kg7 69.Rg6+ Kf7 70.Rh6 Re8
71.Kd5 Ra8 72.Rh7+ Kg8 73.Rh6 Kg7 74.Rg6+ Kf7 75.Rh6 Ra5+ 76.Ke4 Ke7 77.Rh7+ Kd6
78.Rf7 Ra4+ 79.Ke3 Kd5 80.Rxf6 Ra3+ 81.Kf2 Ke4 82.Rb6 Ra2+ 83.Kf1 Kxf5 84.Rb4 e4
85.Rb3  1/2-1/2

[Event "38th Badalona Open A"]
[Site "Badalona ESP"]
[Date "2012.08.08"]
[Round "8.5"]
[White "Fernandez Cardoso,A"]
[Black "Arun Prasad,S"]
[Result "0-1"]
[WhiteElo "2449"]
[BlackElo "2531"]

1.e4 c5 2.Nf3 d6 3.d4 cxd4 4.Nxd4 Nf6 5.Nc3 a6 6.Be3 e5 7.Nb3 Be6 8.h3 h5
9.Qf3 Nbd7 10.O-O-O Rc8 11.Nd5 Nxd5 12.exd5 Bg4 13.hxg4 hxg4 14.Rxh8 gxf3
15.gxf3 Qf6 16.Bh3 Qg6 17.c3 f5 18.f4 Qf6 19.fxe5 dxe5 20.f4 g5 21.Rh5 exf4
22.Bd4 Qg6 23.Rh8 Kf7 24.Bf1 b5 25.Re1 Re8 26.Rxe8 Kxe8 27.Nc5 Qd6 28.Ne6 f3
29.Bd3 Qg3 30.Ng7+ Kf7 31.Nxf5 Qe1+ 32.Kc2 f2 33.Rh7+ Ke8 34.Ng3 Ne5 35.d6 Bxd6
36.Rh8+ Kf7 37.Bf1 g4 38.Rh6 Ng6 39.Bd3 Bxg3 40.Bxg6+ Ke7 41.Bc5+ Bd6 42.Bxd6+ Kxd6
43.Bd3+ Ke5 44.Rh5+ Kf4 45.Rf5+ Kg3 46.a4 bxa4 47.c4 Qb4  0-1

[Event "Euro Chess Tournament GpA 2012"]
[Site "Borne NED"]
[Date "2012.08.08"]
[Round "4"]
[White "Van Osch,Mees"]
[Black "Dijkhuis,Tycho"]
[Result "0-1"]
[WhiteElo "2071"]
[BlackElo "2030"]

1.e4 c5 2.Nf3 d6 3.d4 cxd4 4.Nxd4 Nf6 5.Nc3 a6 6.Be3 Ng4 7.Bg5 h6 8.Bh4 g5
9.Bg3 Bg7 10.Be2 h5 11.Nf5 Bxf5 12.exf5 Qa5 13.O-O Bxc3 14.bxc3 Nc6 15.Bxg4 hxg4
16.Qxg4 f6 17.Rab1 O-O-O 18.Qe4 e5 19.c4 d5 20.cxd5 Qxd5 21.Qxd5 Rxd5 22.Rfd1 Rxd1+
23.Rxd1 Nd4 24.Rxd4 exd4 25.Kf1 Kd7 26.Ke2 Kc6 27.Kd3 Kd5 28.f3 Rc8 29.Bf2 Rc3+
30.Kd2 Ra3 31.h4 gxh4 32.Bxh4 Ke5 33.Bf2 Rxa2 34.g4 Kf4 35.Bxd4 Kxf3 36.Bxf6 Kxg4
37.Kc3 Kxf5 38.Be7 Ke6 39.Bf8 Kd5 40.Be7 Ra4 41.Bf8 Rg4 42.Kb3 a5 43.c3 a4+
44.Ka3 b5 45.Be7 Kc4 46.Bf6 Rg2 47.Be5 Rc2  0-1

[Event "10th EU U14 2012"]
[Site "Mureck AUT"]
[Date "2012.08.08"]
[Round "8.10"]
[White "Fuskova,M"]
[Black "Dodu,Iulian Laurentiu"]
[Result "0-1"]
[WhiteElo "1752"]
[BlackElo "1839"]

1.e4 c5 2.Nf3 d6 3.d4 cxd4 4.Nxd4 Nf6 5.Nc3 a6 6.Be3 Ng4 7.Bg5 h6 8.Bh4 g5
9.Bg3 Bg7 10.h3 Ne5 11.Be2 Nbc6 12.Nb3 b5 13.f3 Rb8 14.h4 Nc4 15.Bxc4 bxc4
16.Qd5 Nb4 17.Qxc4 Nxc2+ 18.Ke2 Nxa1 19.Rxa1 g4 20.Rd1 Be6 21.Nd5 O-O 22.Qc2 a5
23.Kf1 Bxd5 24.Rxd5 a4 25.Nd4 Bxd4 26.Rxd4 Qb6 27.Rxa4 Qxb2 28.Qxb2 Rxb2
29.fxg4 Rc8 30.Kg1 Rcc2 31.Ra3 Rxg2+ 32.Kf1 Rxa2 33.Rxa2 Rxa2  0-1